[Event "Himmerlandsturneringen 2025 Basis1"]
[Site "Stovring"]
[Date "2025.05.26"]
[Round "7"]
[White "Mygind, Louise Malthe"]
[Black "Lytzen, Lars Erik"]
[Result "0-1"]
[WhiteElo "1655"]
[BlackElo "1632"]
[WhiteFideId "1470841"]
[BlackFideId "1450549"]
[EventDate "2025.04.28"]
[EventType "tourn"]
[EventRounds "7"]
[EventCountry "DEN"]
[SourceTitle "Skorping Skakklub"]

1. d4 d5 2. c4 e6 3. Bf4 Nf6 4. Nf3 Nc6 5. a3 g6 6. Nc3 Bg7 7. e3 a6 8. Bd3 Bd7 9. Ne5 Nh5 10. Nxc6 Bxc6 11. c5 Nxf4 12. exf4 Bxd4 13. Qd2 Bxc5 14. Ne2 Bd6 15. Qc3 O-O 16. Qd2 Qf6 17. Rb1 b5 18. h4 Bb7 19. h5 c5 20. hxg6 fxg6 21. g3 c4 22. Bc2 e5 23. f5 d4 24. Qh6 Bxh1 25. Qxh1 d3 26. Qd5+ Kg7 27. Bxd3 cxd3 28. Qxd3 Rad8 29. Qe3 Qxf5 30. Rc1 Be7 31. Ra1 Rf7 32. Nc3 Rdf8 33. Ne4 Qf3 34. Qe2 Qh1+ 35. Kd2 Qxa1 36. f4 Qxb2+ 37. Kd3 Qxe2+ 38. Kc3 Qxe4 39. fxe5 Rf3+ 40. Kd2 Rd8+ 41. Kc1 Rxg3 42. e6 Qe2 43. a4 Rg1# 0-1